MARC

LEADER 00000nam0a2200000 4500
001 339019
005 20231102005114.0
035 |a (RuTPU)RU\TPU\book\365524 
035 |a RU\TPU\book\122652 
090 |a 339019 
100 |a 20171207d1963 km y0rusy50 ca 
101 0 |a rus 
102 |a RU 
105 |a a g 001zy 
200 1 |a Краткий справочник горного инженера угольной шахты  |e справочник  |f под ред. А. А. Бойко 
210 |a Москва  |c Госгортехиздат  |d 1963 
215 |a 639 с.  |c табл. 
320 |a Библиогр. в конце разд. 
606 1 |a Угольные предприятия  |2 stltpush  |3 (RuTPU)RU\TPU\subj\72280  |9 85843 
610 1 |a справочники 
610 1 |a горные инженеры 
610 1 |a угольные шахты 
610 1 |a вскрытие 
610 1 |a подготовка 
610 1 |a пластовые месторождения 
610 1 |a буровые работы 
610 1 |a взрывные работы 
610 1 |a горные выработки 
610 1 |a крепь 
610 1 |a горные машины 
610 1 |a управление 
610 1 |a технология 
610 1 |a гидромеханизация 
610 1 |a подземная угледобыча 
610 1 |a подземный транспорт 
610 1 |a вентиляция 
610 1 |a дегазация 
610 1 |a установки 
610 1 |a электроснабжение 
610 1 |a электрооборудование 
675 |a 622.333.012(035)  |v 3 
702 1 |a Бойко  |b А. А.  |4 340 
801 1 |a RU  |b 63413507  |c 20070410  |g PSBO 
801 2 |a RU  |b 63413507  |c 20201103  |g PSBO 
942 |c BK